কবি ভারতচন্দ্র / (Record no. 81536)
[ view plain ]
| 000 -LEADER | |
|---|---|
| fixed length control field | 01114nam a2200253 a 4500 |
| 003 - CONTROL NUMBER IDENTIFIER | |
| rucl marc code | BD-RjUL |
| 005 - DATE AND TIME OF LATEST TRANSACTION | |
| control field | 20230622101853.0 |
| 008 - FIXED-LENGTH DATA ELEMENTS--GENERAL INFORMATION | |
| fixed length control field | 230622s20202000ii |||| |||| 00| 0 ben d |
| 020 ## - INTERNATIONAL STANDARD BOOK NUMBER | |
| Terms of availability | 9788129522252 |
| 035 ## - SYSTEM CONTROL NUMBER | |
| System control number | (BD-RjUL) |
| 040 ## - CATALOGING SOURCE | |
| Original cataloging agency | BD-RjUL |
| Language of cataloging | ben |
| Transcribing agency | BD-RjUL |
| Modifying agency | BD-RjUL |
| 041 ## - LANGUAGE CODE | |
| Language code of text/sound track or separate title | ben |
| 082 ## - DEWEY DECIMAL CLASSIFICATION NUMBER | |
| Edition number | 23 |
| Classification number | 891.44109 |
| Author mark and year | BAK 2020 |
| 100 1# - MAIN ENTRY--PERSONAL NAME | |
| Personal name | বসু, শঙ্করীপ্রসাদ |
| 9 (RLIN) | 146779 |
| 245 1# - TITLE STATEMENT | |
| Title | কবি ভারতচন্দ্র / |
| Statement of responsibility, etc. | শঙ্করীপ্রসাদ বসু |
| 250 ## - EDITION STATEMENT | |
| Edition statement | দে’জ সংস্করণ |
| 260 ## - PUBLICATION, DISTRIBUTION, ETC. (IMPRINT) | |
| Place of publication, distribution, etc. | কলকাতা : |
| Name of publisher, distributor, etc. | দে’জ পাবলিশিং, |
| Date of publication, distribution, etc. | ২০০০, [পুনর্মুদ্র্রণ ২০২০] |
| 300 ## - PHYSICAL DESCRIPTION | |
| Pagination | ৪৩২ পৃ. ; |
| Size | ১৯সেমি. |
| 650 ## - SUBJECT ADDED ENTRY--TOPICAL TERM | |
| Topical term or geographic name as entry element | বাংলা কবিতা |
| Form subdivision | ইতিহাস ও সমালোচনা |
| 9 (RLIN) | 117724 |
| Topical term or geographic name as entry element | Bengali poetry |
| Form subdivision | History and Criticism |
| 9 (RLIN) | 117725 |
| Topical term or geographic name as entry element | বাংলা সাহিত্য |
| General subdivision | ইতিহাস ও সমালোচনা |
| Topical term or geographic name as entry element | Bengali Literature |
| General subdivision | History and Criticism |
| 942 ## - ADDED ENTRY ELEMENTS (KOHA) | |
| Source of classification or shelving scheme | Dewey Decimal Classification |
| Koha item type | Books |
| Lost status | Source of classification or shelving scheme | Damaged status | Not for loan | Collection code | Permanent Location | Current Location | Shelving location | Date acquired | Source of acquisition | Cost, normal purchase price | Total Checkouts | Full call number | Date last seen | Copy number | Koha item type |
|---|---|---|---|---|---|---|---|---|---|---|---|---|---|---|---|
| Dewey Decimal Classification | Not For Loan | Non-fiction | Central Library, University of Rajshahi | Central Library, University of Rajshahi | Reading Room | 30/05/2023 | Dhaka: Omni Concept | 630.00 | B 891.44109 BAK 2020 | 22/06/2023 | C-1 | Books | |||
| Dewey Decimal Classification | Non-fiction | Central Library, University of Rajshahi | Central Library, University of Rajshahi | General Stacks | 30/05/2023 | Dhaka: Omni Concept | 630.00 | B 891.44109 BAK 2020 | 22/06/2023 | C-2 | Books |